Ethikai világrend
Elmentve itt :
| Szerző: | |
|---|---|
| Adatforrás: | Philobibl |
| Dokumentumtípus: | Könyv |
| Nyelv: | magyar |
| Megjelent: |
Szeged
Városi ny.
1929
|
| Sorozat: | Széphalom-könyvtár 14.
|
| LEADER | 00365nam a2200133 c 4500 | ||
|---|---|---|---|
| 001 | bibDOK00006328 | ||
| 005 | 20200924120226.9 | ||
| 008 | 060518s1929 hu hun | ||
| 100 | 1 | |a Bárány Gerő | |
| 245 | 1 | 0 | |a Ethikai világrend |c Bárány Gerő |
| 260 | |a Szeged |b Városi ny. |c 1929 | ||
| 300 | |a 16 p. | ||
| 490 | 1 | |a Széphalom-könyvtár 14. | |
| 830 | 0 | |a Széphalom-könyvtár 14. | |